000 00285nam a2200121Ia 4500
008 190216s9999||||xx |||||||||||||| ||und||
100 _aBharadendu Harichandar
245 0 _aHindi-Sampoorna Natak
260 _bBalagi Prakashan
_c2010
300 _a200
650 _aHindi
942 _cBK
999 _c16748
_d16748